Library Banner

Energy and its development (with speical reference to Pakistan) (Record no. 71686)

MARC details
000 -LEADER
fixed length control field 00540nam a2200193Ia 4500
001 - CONTROL NUMBER
control field 66858
008 - FIXED-LENGTH DATA ELEMENTS--GENERAL INFORMATION
fixed length control field 150514s9999 xx 000 0 und d
020 ## - INTERNATIONAL STANDARD BOOK NUMBER
International Standard Book Number NA
040 ## - CATALOGING SOURCE
Transcribing agency PK-LaUMT
082 ## - DEWEY DECIMAL CLASSIFICATION NUMBER
Classification number MAL 333.79095491
Item number ENE-
100 ## - MAIN ENTRY--PERSONAL NAME
Personal name Karimullah
245 ## - TITLE STATEMENT
Title Energy and its development (with speical reference to Pakistan)
Statement of responsibility, etc Karimullah|[et al, ]
260 ## - PUBLICATION, DISTRIBUTION, ETC. (IMPRINT)
Place of publication, distribution, etc Islamabad,Pakistan:
Name of publisher, distributor, etc Pakistan Academy of Sciences,
Date of publication, distribution, etc 1982
300 ## - PHYSICAL DESCRIPTION
Extent 136 p.
546 ## - LANGUAGE NOTE
Language note EN
650 ## - SUBJECT ADDED ENTRY--TOPICAL TERM
Topical term or geographic name as entry element Pakistan-energy resources
700 ## - ADDED ENTRY--PERSONAL NAME
Personal name [et al, ]
942 ## - ADDED ENTRY ELEMENTS (KOHA)
Koha item type Books
Holdings
Withdrawn status Lost status Damaged status Not for loan Home library Current library Date acquired Total Checkouts Full call number Barcode Date last seen Price effective from Koha item type
        UMT Main Campus UMT Main Campus 2015-05-14   MAL 333.79095491 ENE- 75156 2015-05-14 2015-05-14 Books